| 000 | 00444nam a2200157Ia 4500 | ||
|---|---|---|---|
| 008 | 160316s1977 xxu||||| |||| 00| 0 eng d | ||
| 082 |
_a891.000000 _bMIL |
||
| 100 | _aMiller Barbara Stoler | ||
| 245 | _aThe gitagovinda of Jayadeva : Love song of the dark lord | ||
| 250 | _a | ||
| 260 |
_aDehra Dun _bMotilal Banarasidass _c1977 |
||
| 300 |
_a225p _b _cxix |
||
| 365 | _b Rs.195 | ||
| 650 | _a1. Krishna -Hindu Deity - Poetry | ||
| 700 |
_a _a |
||
| 999 |
_c22947 _d22947 |
||